000 01038cam a2200313 4500
001 4641665
003 OSt
005 20110722085919.0
008 710818s1971 enka b 000 0 eng
010 _a 78584762
015 _aB***
020 _a0855200022
040 _aDLC
_cDLC
_dDLC
043 _ae-uk---
050 0 0 _aHV6947
_b.C35
082 0 0 _a364.2 CRI
100 1 _aCarson, W. G.,
_ecomp.
_92064
245 1 0 _aCrime and delinquency in Britain;
_bsociological readings,
_cedited by W. G. Carson and Paul Wiles.
260 _a[London]
_bM. Robertson
_c[1971]
300 _a258 p.
_billus.
_c22 cm.
350 _a£2.50
504 _aIncludes bibliographical references.
650 0 _aCrime
_zGreat Britain.
_92065
650 0 _aCriminals
_zGreat Britain.
_92066
700 1 _aWiles, Paul,
_ejoint comp.
_92067
906 _a7
_bcbc
_corignew
_d3
_encip
_f19
_gy-gencatlg
942 _2ddc
_cBK
999 _c757
_d757